[Event "IND-ch (Women)"]
[Site "New Delhi"]
[Date "2001.06.02"]
[Round "1"]
[White "Pratihba, Yuvaraj"]
[Black "Shah, Pallavi G"]
[Result "1-0"]
[WhiteElo "2069"]
[BlackElo "2164"]
[PlyCount "85"]
[EventDate "2001.06.02"]
[EventType "tourn"]
[EventRounds "13"]
[EventCountry "IND"]
[SourceTitle "EXT 2002"]
[Source "ChessBase"]
[SourceDate "2001.11.25"]
[SourceVersion "1"]
[SourceVersionDate "2001.11.25"]
[SourceQuality "1"]

1. e4 c5 2. Nf3 d6 3. d4 cxd4 4. Nxd4 Nf6 5. Nc3 a6 6. Be2 e5 7. Nb3 Be7 8. a4 Nc6 9. 0-0 0-0 10. Kh1 Nb4 11. f4 b6 12. Bf3 Bb7 13. Be3 Qc7 14. Qe2 Rab8 15. Rfd1 Rfe8 16. f5 d5 17. exd5 e4 18. Nxe4 Qxc2 19. Rd2 Qc8 20. Nxf6+ Bxf6 21. Qf2 Qxf5 22. Rad1 Ba8 23. a5 bxa5 24. Ba7 Rbd8 25. Bb6 Bg5 26. Re2 Nd3 27. Rxe8+ Rxe8 28. Qc2 Qg6 29. Bxa5 Ne5 30. Qxg6 hxg6 31. Re1 f6 32. d6 Kf7 33. Bxa8 Rxa8 34. Nc5 Nc6 35. Bc7 Re8 36. Rd1 Rc8 37. Nxa6 f5 38. b4 Ra8 39. b5 Nd8 40. Nc5 Ne6 41. Nxe6 Kxe6 42. d7 Bd8 43. b6 1-0

[Event "Sri Lanka zt 3.1b (Women)"]
[Site "Sri Lanka"]
[Date "2001.05.12"]
[Round "8"]
[White "Shah, Pallavi G"]
[Black "Vijayalakshmi, Subbaraman"]
[Result "1-0"]
[WhiteElo "2164"]
[BlackElo "2416"]
[PlyCount "59"]
[EventDate "2001.05.??"]
[EventType "tourn"]
[EventRounds "9"]
[EventCountry "SRI"]
[SourceTitle "EXT 2005"]
[Source "ChessBase"]
[SourceDate "2004.11.15"]
[SourceVersion "1"]
[SourceVersionDate "2004.11.15"]
[SourceQuality "1"]

1. e4 d6 2. d4 Nf6 3. Nc3 g6 4. Be3 Bg7 5. f3 c6 6. Qd2 Nbd7 7. g4 h5 8. g5 Nh7 9. 0-0-0 b5 10. f4 Qa5 11. Nf3 Nb6 12. Nh4 Nc4 13. Bxc4 bxc4 14. f5 gxf5 15. exf5 Bxf5 16. Nxf5 Qxf5 17. Rhf1 Qg6 18. Ne2 e5 19. dxe5 Bxe5 20. Nd4 d5 21. Nf3 c3 22. Qf2 cxb2+ 23. Kb1 Bc3 24. Bd4 Bxd4 25. Rde1+ Kf8 26. Qxd4 Qg7 27. Ne5 Kg8 28. Rxf7 Qxf7 29. Nxf7 Kxf7 30. Qf6+ 1-0

[Event "Sri Lanka zt 3.1b (Women)"]
[Site "Sri Lanka"]
[Date "2001.05.06"]
[Round "3"]
[White "Shah, Pallavi G"]
[Black "Meenakshi, Subbaraman"]
[Result "1-0"]
[WhiteElo "2164"]
[BlackElo "2269"]
[PlyCount "57"]
[EventDate "2001.05.??"]
[EventType "tourn"]
[EventRounds "9"]
[EventCountry "SRI"]
[SourceTitle "EXT 2005"]
[Source "ChessBase"]
[SourceDate "2004.11.15"]
[SourceVersion "1"]
[SourceVersionDate "2004.11.15"]
[SourceQuality "1"]

1. e4 d6 2. d4 Nf6 3. Nc3 g6 4. Bg5 Bg7 5. f3 h6 6. Be3 0-0 7. Qd2 Kh7 8. g4 c6 9. h4 h5 10. Nge2 e5 11. Ng3 Bxg4 12. dxe5 Bxf3 13. exf6 Bxf6 14. Bg2 Bg4 15. Bg5 d5 16. exd5 Re8+ 17. Nce2 Bxg5 18. hxg5 Bxe2 19. Nxe2 Qe7 20. Bf3 Na6 21. 0-0-0 Nb4 22. Nc3 cxd5 23. a3 d4 24. Ne4 Na2+ 25. Kb1 Nc3+ 26. bxc3 Qxa3 27. Nf6+ Kh8 28. Qxd4 Red8 29. Qxd8+ 1-0

[Event "Sri Lanka zt 3.1b (Women)"]
[Site "Sri Lanka"]
[Date "2001.05.06"]
[Round "2"]
[White "Swati, Ghate"]
[Black "Shah, Pallavi G"]
[Result "0-1"]
[WhiteElo "2271"]
[BlackElo "2164"]
[PlyCount "71"]
[EventDate "2001.05.??"]
[EventType "tourn"]
[EventRounds "9"]
[EventCountry "SRI"]
[SourceTitle "EXT 2005"]
[Source "ChessBase"]
[SourceDate "2004.11.15"]
[SourceVersion "1"]
[SourceVersionDate "2004.11.15"]
[SourceQuality "1"]

1. e4 c5 2. Nf3 d6 3. d4 cxd4 4. Nxd4 Nf6 5. Nc3 a6 6. Be2 e5 7. Nb3 Be7 8. 0-0 0-0 9. Kh1 b5 10. Nd5 Nxd5 11. Qxd5 Ra7 12. Be3 Be6 13. Qd1 Rd7 14. a4 b4 15. a5 Qc7 16. f4 exf4 17. Bxf4 Bf6 18. Ra2 Nc6 19. Bg4 Bxg4 20. Qxg4 Ne5 21. Qd1 Qc4 22. Ra4 Qb5 23. Ra2 Qc4 24. Ra4 Qxe4 25. c3 Nd3 26. Qc2 Qc6 27. Qxd3 Qxa4 28. c4 Bxb2 29. Nd4 Bxd4 30. Qxd4 Qxa5 31. Bxd6 b3 32. c5 Qb5 33. Rb1 Rc8 34. h3 a5 35. Qc3 a4 36. Be5 0-1

[Event "Olympiad Women-34"]
[Site "Istanbul"]
[Date "2000.11.05"]
[Round "8.3"]
[White "Michna, Marta"]
[Black "Shah, Pallavi G"]
[Result "1-0"]
[WhiteElo "2376"]
[BlackElo "2137"]
[PlyCount "43"]
[EventDate "2000.10.28"]
[EventType "team-swiss"]
[EventRounds "14"]
[EventCountry "TUR"]
[SourceTitle "EXT 2001"]
[Source "ChessBase"]
[SourceDate "2000.11.22"]
[SourceVersion "1"]
[SourceVersionDate "2000.11.22"]
[SourceQuality "1"]
[WhiteTeam "Poland (W)"]
[BlackTeam "India (W)"]
[WhiteTeamCountry "POL"]
[BlackTeamCountry "IND"]

1. d4 Nf6 2. Nf3 c5 3. d5 b5 4. Bg5 d6 5. Bxf6 exf6 6. e4 a6 7. a4 b4 8. Bd3 g6 9. Nbd2 Bg7 10. Nc4 a5 11. 0-0 0-0 12. Nfd2 Bb7 13. g4 f5 14. gxf5 Qg5+ 15. Kh1 gxf5 16. Rg1 Qh6 17. Ne3 Bc8 18. exf5 Kh8 19. Ng4 Qf4 20. f6 Bh6 21. Nxh6 Qxh6 22. Rg7 1-0

[Event "IND-ch (Women)"]
[Site "Mumbai"]
[Date "2000.06.09"]
[Round "4"]
[White "Shah, Pallavi G"]
[Black "Thipsay, Bagyashree Sathe"]
[Result "1/2-1/2"]
[WhiteElo "2138"]
[BlackElo "2247"]
[PlyCount "59"]
[EventDate "2000.06.06"]
[EventType "tourn"]
[EventRounds "12"]
[EventCountry "IND"]
[SourceTitle "EXT 2001"]
[Source "ChessBase"]
[SourceDate "2000.11.22"]
[SourceVersion "1"]
[SourceVersionDate "2000.11.22"]
[SourceQuality "1"]

1. e4 c6 2. d4 d5 3. exd5 cxd5 4. c4 Nf6 5. Nc3 Nc6 6. Nf3 e6 7. cxd5 Nxd5 8. Bd3 Be7 9. 0-0 0-0 10. a3 Nxc3 11. bxc3 Bf6 12. Qe2 Re8 13. Bf4 Bd7 14. Rfd1 Ne7 15. Ne5 Bxe5 16. Bxe5 Ng6 17. Bg3 Bc6 18. Bb5 Qd5 19. Bxc6 Qxc6 20. c4 Rac8 21. Rac1 Red8 22. Qb2 Qe4 23. f3 Qe3+ 24. Bf2 Qg5 25. Qd2 Qxd2 26. Rxd2 Ne5 27. c5 Nc6 28. Rb2 Rd7 29. Rcb1 Nd8 30. Kf1 1/2-1/2

[Event "Linares Anibal op 06th"]
[Site "Linares"]
[Date "1999.01.08"]
[Round "1"]
[White "Bagaturov, Giorgi"]
[Black "Shah, Pallavi G"]
[Result "0-1"]
[WhiteElo "2540"]
[BlackElo "2130"]
[PlyCount "63"]
[EventDate "1999.01.??"]
[EventType "swiss"]
[EventRounds "10"]
[EventCountry "ESP"]
[SourceTitle "CBM 068 Extra"]
[Source "ChessBase"]
[SourceDate "1999.03.01"]
[SourceVersion "1"]
[SourceVersionDate "1999.03.01"]
[SourceQuality "1"]

1. d4 Nf6 2. Nf3 g6 3. g3 Bg7 4. Bg2 0-0 5. c4 d6 6. 0-0 c6 7. Nc3 Qa5 8. h3 Be6 9. d5 cxd5 10. Nd4 Bd7 11. cxd5 Na6 12. a3 Rfc8 13. e4 Ne8 14. Be3 Qd8 15. Rc1 Rc4 16. Qd3 Rc7 17. b4 Nf6 18. Ndb5 Bxb5 19. Nxb5 Rxc1 20. Rxc1 b6 21. Nd4 Nc7 22. Qc4 Nce8 23. Nc6 Qd7 24. f4 Kf8 25. e5 Ng8 26. e6 Qb7 27. g4 Ngf6 28. f5 gxf5 29. g5 Ne4 30. Bxe4 fxe4 31. Qxe4 f6 32. Qxh7 0-1

[Event "Commonwealth-ch"]
[Site "India"]
[Date "1999.??.??"]
[Round "?"]
[White "Koneru, Humpy"]
[Black "Shah, Pallavi G"]
[Result "1-0"]
[WhiteElo "2160"]
[BlackElo "2230"]
[PlyCount "81"]
[EventDate "1999.??.??"]
[EventType "swiss"]
[EventRounds "10"]
[EventCountry "IND"]
[SourceTitle "EXT 2002"]
[Source "ChessBase"]
[SourceDate "2001.11.25"]
[SourceVersion "1"]
[SourceVersionDate "2001.11.25"]
[SourceQuality "1"]

1. c4 e5 2. Nc3 Nf6 3. g3 d5 4. cxd5 Nxd5 5. Bg2 Nb6 6. Nf3 Nc6 7. 0-0 Be7 8. a3 g5 9. d4 exd4 10. Nb5 0-0 11. Nbxd4 Nxd4 12. Nxd4 Bf6 13. Nb3 c6 14. Qc2 Qe7 15. Be3 Be6 16. Nd2 Rfd8 17. Ne4 Bf5 18. Bc5 Qe6 19. Nxf6+ Qxf6 20. e4 Be6 21. f4 Nd7 22. Bb4 Qd4+ 23. Kh1 Nb6 24. f5 Bc4 25. Rfd1 Qe3 26. Re1 Qb3 27. Qxb3 Bxb3 28. Be7 Rd2 29. Re3 Re8 30. Bxg5 Bc4 31. Rc3 Rxb2 32. Be3 Ba6 33. f6 Nd7 34. Bxa7 Nxf6 35. Bd4 Rd2 36. Bxf6 Re6 37. e5 h5 38. Rb1 Kh7 39. Kg1 Kg6 40. h3 Bd3 41. Rxd3 1-0

[Event "Commonwealth-ch"]
[Site "India"]
[Date "1999.??.??"]
[Round "?"]
[White "Shah, Pallavi G"]
[Black "Shah, Arpi"]
[Result "1-0"]
[WhiteElo "2230"]
[BlackElo "2048"]
[PlyCount "55"]
[EventDate "1999.??.??"]
[EventType "swiss"]
[EventRounds "10"]
[EventCountry "IND"]
[SourceTitle "EXT 2002"]
[Source "ChessBase"]
[SourceDate "2001.11.25"]
[SourceVersion "1"]
[SourceVersionDate "2001.11.25"]
[SourceQuality "1"]

1. e4 d6 2. d4 Nf6 3. Nc3 g6 4. Bg5 Bg7 5. f3 c6 6. Qd2 b5 7. Bh6 Bxh6 8. Qxh6 Qa5 9. Qd2 b4 10. Nd1 Qb6 11. Ne3 a5 12. Bc4 Nbd7 13. Ne2 0-0 14. h4 h5 15. g4 Ba6 16. Bxa6 Qxa6 17. gxh5 Nxh5 18. Nf5 Rfe8 19. Qh6 e5 20. Neg3 Ndf6 21. Nxh5 Nxh5 22. Rg1 Qc8 23. Qxh5 Qe6 24. Qh6 Qf6 25. h5 exd4 26. hxg6 Qxf5 27. gxf7+ Kxf7 28. Rg7+ 1-0

[Event "Wch U20 Girls 16th"]
[Site "Calicut"]
[Date "1998.11.28"]
[Round "11"]
[White "Shah, Pallavi G"]
[Black "Le, Thi Phuong Lien"]
[Result "1-0"]
[WhiteElo "2130"]
[BlackElo "2135"]
[PlyCount "31"]
[EventDate "1998.11.17"]
[EventType "swiss"]
[EventRounds "13"]
[EventCountry "IND"]
[SourceTitle "CBM 067 Extra"]
[Source "ChessBase"]
[SourceDate "1999.01.01"]
[SourceVersion "1"]
[SourceVersionDate "1999.01.01"]
[SourceQuality "1"]

1. e4 c6 2. d4 d5 3. exd5 cxd5 4. c4 Nf6 5. Nc3 e6 6. Nf3 Be7 7. cxd5 Nxd5 8. Bd3 0-0 9. 0-0 Nxc3 10. bxc3 Qc7 11. Ne5 Qxc3 12. Rb1 Nc6 13. Rb3 Qxd4 14. Nxc6 Qc5 15. Nxe7+ Qxe7 16. Ba3 1-0

[Event "Wch U20 Girls 16th"]
[Site "Calicut"]
[Date "1998.11.27"]
[Round "10"]
[White "Delemarre, Isabel"]
[Black "Shah, Pallavi G"]
[Result "1-0"]
[WhiteElo "2195"]
[BlackElo "2130"]
[PlyCount "71"]
[EventDate "1998.11.17"]
[EventType "swiss"]
[EventRounds "13"]
[EventCountry "IND"]
[SourceTitle "CBM 067 Extra"]
[Source "ChessBase"]
[SourceDate "1999.01.01"]
[SourceVersion "1"]
[SourceVersionDate "1999.01.01"]
[SourceQuality "1"]

1. e4 c5 2. c3 Nf6 3. e5 Nd5 4. d4 cxd4 5. Nf3 e6 6. cxd4 b6 7. Nc3 Nxc3 8. bxc3 Qc7 9. Bd2 Bb7 10. Bd3 d6 11. 0-0 Nd7 12. Ng5 dxe5 13. Qh5 g6 14. Qh3 Be7 15. Rfe1 Rf8 16. Qxh7 Nf6 17. Qh3 0-0-0 18. Nxf7 Rxf7 19. Qxe6+ Kb8 20. Qxf7 Bd5 21. Qg7 Ng4 22. f3 Rg8 23. Qh7 Nf6 24. Qh6 Qd8 25. dxe5 Rh8 26. Qf4 Nh5 27. Qg4 g5 28. Rad1 Nf4 29. Bxf4 Rh4 30. Qf5 Rxf4 31. Qg6 Bf7 32. Qc6 Bc5+ 33. Kh1 Rh4 34. Bf5 Qh8 35. h3 g4 36. Bxg4 1-0

[Event "Wch U20 Girls 16th"]
[Site "Calicut"]
[Date "1998.11.24"]
[Round "7"]
[White "Shah, Pallavi G"]
[Black "Koneru, Humpy"]
[Result "1/2-1/2"]
[WhiteElo "2130"]
[BlackElo "2140"]
[PlyCount "55"]
[EventDate "1998.11.17"]
[EventType "swiss"]
[EventRounds "13"]
[EventCountry "IND"]
[SourceTitle "CBM 067 Extra"]
[Source "ChessBase"]
[SourceDate "1999.01.01"]
[SourceVersion "1"]
[SourceVersionDate "1999.01.01"]
[SourceQuality "1"]

1. e4 c6 2. d4 d5 3. exd5 cxd5 4. c4 Nf6 5. Nc3 e6 6. Nf3 Bb4 7. cxd5 Nxd5 8. Bd2 0-0 9. Bd3 Nc6 10. 0-0 Be7 11. Rc1 Ndb4 12. Bb1 Nxd4 13. Nxd4 Qxd4 14. Nb5 Qb6 15. Nc7 Rb8 16. Bxh7+ Kxh7 17. Qh5+ Kg8 18. Be3 g6 19. Qh6 Qa5 20. Bd4 e5 21. Rc5 Bxc5 22. Nd5 Nxd5 23. Bxe5 f6 24. Qxg6+ Kh8 25. Qh6+ Kg8 26. Qg6+ Kh8 27. Qh6+ Kg8 28. Qg6+ 1/2-1/2

[Event "Wch U18 Girls"]
[Site "Menorca"]
[Date "1996.??.??"]
[Round "2"]
[White "Straub, Natalia"]
[Black "Shah, Pallavi G"]
[Result "1/2-1/2"]
[WhiteElo "2350"]
[BlackElo "2110"]
[PlyCount "44"]
[EventDate "1996.??.??"]
[EventType "swiss"]
[EventRounds "11"]
[EventCountry "ESP"]
[SourceTitle "Juniors"]
[Source "ChessBase"]
[SourceDate "1999.07.01"]
[SourceVersion "1"]
[SourceVersionDate "1999.07.01"]
[SourceQuality "1"]

1. d4 Nf6 2. c4 g6 3. Nc3 Bg7 4. e4 d6 5. Bd3 0-0 6. Nge2 e5 7. d5 a5 8. 0-0 Na6 9. f3 Nc5 10. Bc2 Ne8 11. Be3 f5 12. exf5 gxf5 13. Qd2 f4 14. Bxc5 dxc5 15. Ne4 Qe7 16. N2c3 Bf5 17. Bd3 b6 18. Rf2 Kh8 19. g4 Bxe4 20. Bxe4 Nd6 21. Qd3 Qh4 22. Rg2 Bf6 1/2-1/2